000
00316nam a22001337a 4500
999
_c
14858
_d
14858
020
_a
812722717X
082
_a
660.284
_b
PAN/PR
100
_a
Pandey,P.H
_9
997
245
_a
Principles of Agricultural Processing
250
_a
2 nd rev.
260
_a
Ludhiana
_b
Kalyani Publishers
_c
2006
300
_a
325
942
_c
BK